000 00384pab a2200145 454500
008 180718b2004 xxu||||| |||| 00| 0 eng d
100 _aKadt, Maarten De
245 _aThe paltry wage is an unfair system (a review essay)
260 _c2004
300 _ap.400-02.
362 _aSummer
650 _aMinimum wage
773 _aReview of Radical Political Economics
909 _a65033
999 _c65033
_d65033